Gaming Quiz

Random Gaming or Board Games Quiz
Score 0/20 Timer 06:00
2 Plays Today
% Correct
The Simpsons
97.7%
Harry Potter
96.7%
Family Guy
94.2%
Doctor Who
92.2%
Scooby-Doo, Where Are You!
92%
SpongeBob SquarePants
90.9%
The Big Bang Theory
88.7%
The Nightmare Before Christmas
87.1%
Sherlock
86.9%
Game of Thrones
85.7%
% Correct
The Office (US)
84.6%
Seinfeld
77.9%
Alfred Hitchcock
69%
Downton Abbey
68.8%
24
63.5%
Supernatural
55%
Firefly
54.1%
Alien vs. Predator
48.5%
Dungeons and Dragons
34%
Penny Dreadful
24.5%
Remove Ads.
Support Sporcle.
Get the best of Sporcle when you Go Orange. This ad-free experience offers more features, more stats, and more fun while also helping to support Sporcle. Thank you for becoming a member.

You're not logged in!

Compare scores with friends on all Sporcle quizzes.
OR
Log In

Sporcle TV

Today on Sporcle TV


Watch our educational content, quiz creation guides, and fun videos on Sporcle TV.

Show Comments

Extras

Top Quizzes Today


Score Distribution

Paid Content

Your Account Isn't Verified!

In order to create a playlist on Sporcle, you need to verify the email address you used during registration. Go to your Sporcle Settings to finish the process.

Report this User

Report this user for behavior that violates our Community Guidelines.

Details: